000 00259nam a2200109Ia 4500
008 200302s9999 xx 000 0 und d
100 _aW. Jaroszewski
245 _aFault and Fold Tectonics
260 _bEllis Horwood Ltd.
260 _c1984
300 _a565 P.,
999 _c2019
_d2019